000 00638nam a2200205Ii 4500
003 JO-AjNU
008 230605s9999||||xx |||||||||||||| ||und||
040 _aJO-AjNU
_bara
_erda
_cJO-AjNU
041 _aara
050 1 4 _aDT95.7.S24 2009
100 3 _aالصلابي، علي محمد ,
_eauthor
_960514
245 0 0 _aالدولة الفاطمية
250 _aط1
264 3 1 _aبيروت: مكتبة حسن العصرية، 2009
300 _a208ص
336 _atext
_btxt
_2rdacontent
337 _aunmediated
_bn
_2rdamedia
338 _avolume
_bnc
_2rdacarrier
650 4 _aالدولة الفاطميه-التاريخ
_960515
999 _aA27291
_c30859
_d30859